[Event "ECC"]
[Site "Rethymnon GRE"]
[Date "2003.10.01"]
[Round "4"]
[White "Mochalov,E"]
[Black "Fedorov,Alex"]
[Result "0-1"]
[WhiteElo "2417"]
[BlackElo "2595"]

1.d4 Nf6 2.c4 g6 3.g3 Bg7 4.Bg2 O-O 5.Nf3 d6 6.O-O Nc6 7.Nc3 a6 8.h3 Bd7
9.e4 e5 10.Be3 exd4 11.Nxd4 Re8 12.Re1 Qc8 13.Nxc6 bxc6 14.g4 Rb8 15.Qd2 c5
16.Rab1 h5 17.g5 Nh7 18.h4 Bh3 19.f3 Bxg2 20.Kxg2 Nf8 21.b3 Nd7 22.Nd5 Ne5
23.Qe2 a5 24.Bd2 c6 25.Ne3 Qa6 26.f4 Nd7 27.Qd3 Nf8 28.Nd1 d5 29.Nf2 dxe4
30.Rxe4 Ne6 31.Bc3 Rbd8 32.Qc2 Nd4 33.Bxd4 Bxd4 34.Rbe1 Rxe4 35.Nxe4 Qc8
36.Qe2 Qf5 37.Qf3 a4 38.Re2 axb3 39.axb3 Rb8 40.Nd6 Qb1 41.Re8+ Rxe8 42.Nxe8 Qe1
43.Nd6 Qxh4 44.Qg3 Qxg3+ 45.Kxg3 f6 46.gxf6 Bxf6 47.Nc8 Kf7 48.Na7 Be7 49.Nxc6 Bd6
50.Kf3 Kf6 51.Ke4 h4 52.Kf3 Kf5 53.b4 cxb4 54.Nd4+ Kf6 55.Kg4 Bc5 56.Nb3 Be3
57.Kxh4 Kf5 58.Kg3 Bxf4+ 59.Kf3 Be5 60.c5 g5 61.c6 g4+ 62.Ke3 Bd6 63.Nc1 Ke6
64.Nd3 b3 65.Kd4 g3 66.Ke3 Kd5  0-1

[Event "7th Itau Cup"]
[Site "Sao Paulo BRA"]
[Date "2003.10.01"]
[Round "5"]
[White "Carvalho,H"]
[Black "Crosa,M"]
[Result "0-1"]
[WhiteElo "2185"]
[BlackElo "2412"]

1.d4 Nf6 2.Nf3 g6 3.c4 Bg7 4.g3 O-O 5.Bg2 d6 6.O-O c6 7.Nc3 Qa5 8.h3 Be6
9.Qd3 Qa6 10.b3 d5 11.Ne5 Rd8 12.e3 dxc4 13.Nxc4 Nbd7 14.Na4 Nd5 15.Bd2 N5b6
16.Naxb6 axb6 17.Qc2 Bd5 18.Be4 f5 19.Bd3 b5 20.Nb2 e5 21.Bc3 exd4 22.exd4 Nf6
23.a4 Ne4 24.h4 Nxc3 25.Qxc3 Qb6 26.axb5 Rxa1 27.Rxa1 Bxd4 28.Qc2 cxb5 29.Re1 f4
30.g4 Qf6 31.g5 Qg7 32.Nd1 Qf7 33.b4 f3 34.Be4 Bb3 35.Qd2 Bxd1 36.Rxd1 Bxf2+
37.Kxf2 Rxd2+ 38.Rxd2 Qf4 39.Rd8+ Kf7 40.Bxf3 Qxh4+ 41.Ke2 Ke7 42.Rd5 Qxb4
43.Ke3 Ke6 44.Rd4 Qc5 45.Kd3 Qxg5 46.Bxb7 Qg3+ 47.Kd2 h5 48.Bc6 h4 49.Bxb5 Qg5+  0-1

[Event "ECC"]
[Site "Rethymnon GRE"]
[Date "2003.10.02"]
[Round "5"]
[White "Helgason,R"]
[Black "Poldauf,D"]
[Result "0-1"]
[WhiteElo "2336"]
[BlackElo "2404"]

1.d4 Nf6 2.c4 g6 3.g3 Bg7 4.Bg2 O-O 5.Nf3 d6 6.O-O Nbd7 7.Nc3 e5 8.e4 exd4
9.Nxd4 Re8 10.h3 Nc5 11.Re1 a5 12.Nb3 Nfd7 13.Be3 Ne5 14.Nxc5 dxc5 15.Qe2 Be6
16.Rad1 Qb8 17.Nd5 c6 18.Nb6 Ra6 19.Bxc5 Qc7 20.Qe3 Nxc4 21.Nxc4 Bxc4 22.b3 Be6
23.f4 a4 24.Qf3 axb3 25.axb3 Qa5 26.Bf2 Qa2 27.Rd3 Qc2 28.f5 Bc8 29.Re2 Qb1+
30.Kh2 Ra2 31.Rxa2 Qxa2 32.f6 Bf8 33.Bb6 Qb2 34.Bd8 h5 35.h4 Bc5 36.Rc3 Bd4
37.Rd3 Rxd8 38.Qf4 Bg1+ 39.Kxg1 Rxd3 40.Qb8 Rd1+  0-1

[Event "ECC"]
[Site "Rethymnon GRE"]
[Date "2003.10.02"]
[Round "5"]
[White "Bujupi,B"]
[Black "Scannell,S"]
[Result "1-0"]
[WhiteElo "2205"]
[BlackElo "2155"]

1.d4 Nf6 2.Nf3 g6 3.g3 Bg7 4.Bg2 O-O 5.c4 d6 6.Nc3 Nc6 7.d5 Na5 8.Nd2 c5
9.O-O a6 10.Qc2 Rb8 11.a4 Bd7 12.Ra3 b5 13.axb5 axb5 14.cxb5 Bxb5 15.Nxb5 Rxb5
16.Nb1 Rb8 17.Bd2 Ra8 18.Bc3 Nb7 19.Nd2 Qd7 20.Rfa1 Rxa3 21.bxa3 Ra8 22.a4 Ne8
23.Bxg7 Nxg7 24.Nc4 Ra6 25.a5 Qg4 26.e4 f5 27.Qb3 Nxa5 28.Rxa5 Rxa5 29.Nxa5 Qe2
30.Qb1 Ne8 31.exf5 gxf5 32.Nc6 Ng7 33.Bf1 Qe4 34.Qxe4 fxe4 35.Nxe7+ Kf7 36.Nc8 Kf6
37.Nxd6 Ke5 38.Nc4+ Kxd5 39.Be2 Ne6 40.Kf1 Kd4 41.Ke1 Nc7 42.Kd2 Nd5 43.h4 Nb4
44.Nd6 Nd5 45.Nf5+ Ke5 46.Ne3 Nb4 47.Kc3 Nc6 48.Kc4 Nd4 49.Bg4  1-0

[Event "Tatry Open"]
[Site "Tatranske Zruby SVK"]
[Date "2003.10.04"]
[Round "9"]
[White "Volodin,V"]
[Black "Novacek,K"]
[Result "1-0"]
[WhiteElo "2283"]
[BlackElo "2116"]

1.Nf3 Nf6 2.c4 g6 3.d4 Bg7 4.g3 O-O 5.Bg2 d6 6.O-O Nbd7 7.Nc3 e5 8.e4 Re8
9.h3 c6 10.Re1 Qa5 11.Rb1 exd4 12.Nxd4 Qh5 13.g4 Qc5 14.Nb3 Qxc4 15.Qxd6 Nd5
16.Nxd5 cxd5 17.Bf4 dxe4 18.Rbc1 Qa4 19.Nd2 Re6 20.Qd5 Nf6 21.Qd8+ Re8 22.Qd6 Re6
23.Qc7 Bd7 24.Qxb7 Bc6 25.Rc4 Qxc4 26.Qxa8+ Bxa8 27.Nxc4 Nd7 28.Rd1 Bc6 29.b3 Nb6
30.Rd8+ Be8 31.Nd6 Kf8 32.Nxe8  1-0

[Event "FSGM October"]
[Site "Budapest HUN"]
[Date "2003.10.05"]
[Round "2"]
[White "Berczes,D"]
[Black "Kosanovic,G"]
[Result "1/2-1/2"]
[WhiteElo "2323"]
[BlackElo "2390"]

1.d4 Nf6 2.c4 g6 3.Nf3 Bg7 4.g3 O-O 5.Bg2 d6 6.O-O c5 7.Nc3 Nc6 8.d5 Na5
9.Nd2 a6 10.Qc2 Rb8 11.b3 b5 12.Bb2 bxc4 13.bxc4 Bd7 14.Rab1 Qc7 15.Ba1 Rxb1
16.Rxb1 Rb8 17.Rxb8+ Qxb8 18.Qb2 Qxb2 19.Bxb2 Ne8 20.e3 Nc7 21.Bf1 Na8 22.Nb3 Nxb3
23.axb3 Nb6 24.Nd1 Bxb2 25.Nxb2 a5 26.Bd3 a4 27.bxa4 Nxa4 28.Nxa4 Bxa4 29.Kf1  1/2-1/2

[Event "Femida"]
[Site "Kharkov UKR"]
[Date "2003.10.08"]
[Round "3"]
[White "Kostiuk,T"]
[Black "Komiagina,M"]
[Result "1/2-1/2"]
[WhiteElo "2277"]
[BlackElo "2287"]

1.d4 Nf6 2.Nf3 g6 3.g3 Bg7 4.Bg2 O-O 5.c4 d6 6.O-O Nc6 7.Nc3 Rb8 8.Re1 a6
9.Rb1 b5 10.cxb5 axb5 11.b4 Nd7 12.e4 Na7 13.Qc2 Nb6 14.d5 c6 15.dxc6 Nxc6
16.Nxb5 Qd7 17.Be3 Ba6 18.Nbd4 Rfc8 19.Nxc6 Rxc6 20.Qd1 Rc3 21.Rb3 Na4 22.Bd4 Bxd4
23.Nxd4 Rd3 24.Rxd3 Nb2 25.Qd2 Nxd3 26.Rb1 Qa4 27.Bf1 Rxb4 28.Bxd3 Rxd4 29.Qh6 Bc8
30.Rb8 Qc6 31.Qh3 e6 32.Qh4 Rxd3 33.Qd8+ Kg7 34.Qxc8 Rd1+ 35.Kg2 Qxe4+ 36.Kh3 Rg1
37.Qh8+ Kh6 38.Qf6 Qf5+ 39.Qxf5 exf5 40.f4 f6 41.Rf8 Kh5 42.Rxf6 h6 43.a4 d5
44.a5 d4 45.a6 d3 46.a7 Ra1 47.Rd6 g5 48.fxg5 hxg5 49.Kg2 Rxa7 50.Rxd3  1/2-1/2

[Event "2nd It"]
[Site "Klaksvik FAI"]
[Date "2003.10.08"]
[Round "3"]
[White "Bjarnason,S"]
[Black "Eriksson,Joh"]
[Result "1-0"]
[WhiteElo "2284"]
[BlackElo "2414"]

1.d4 Nf6 2.c4 g6 3.g3 Bg7 4.Bg2 O-O 5.Nf3 d6 6.O-O Nbd7 7.Nc3 e5 8.e4 c6
9.h3 Qb6 10.Re1 exd4 11.Nxd4 Ne8 12.Nb3 Qb4 13.Bf1 a5 14.Bd2 Qb6 15.Be3 Qc7
16.Na4 b6 17.Rc1 Nc5 18.Nbxc5 bxc5 19.Qd2 Rb8 20.b3 f5 21.exf5 Bxf5 22.Bg2 Rd8
23.Rcd1 Bf6 24.Bh6 Ng7 25.Nc3 Rf7 26.g4 Bc8 27.Ne4 Bd4 28.Be3 Ne6 29.Bxd4 Nxd4
30.Qc3 Rdf8 31.Re3 Qe7 32.Rxd4 cxd4 33.Qxd4 c5 34.Qxd6 Qxd6 35.Nxd6 Rc7 36.Bd5+ Kh8
37.Kg2 h6 38.Kg3 Kh7 39.h4 Kh8 40.Re5 a4 41.bxa4 Ra7 42.f3 Rxa4 43.Re7 Rxa2
44.Nf7+ Kg7 45.g5 hxg5 46.hxg5 Bf5 47.Nd6+ Kh8 48.Rc7 Ra5 49.Nf7+ Kg7 50.Ne5+ Kh8
51.Bf7 Ra6 52.Rxc5 Rfa8 53.Rd5 R8a7 54.Rd8+ Kh7 55.Bd5 Rc7 56.Rb8 Rd6 57.Kf4 Ra6
58.Rb2 Kg7 59.Rb4 Raa7 60.Nc6 Ra3 61.Nd4 Bd7 62.Rb8 Raa7 63.Rb6 Rc8 64.Be4 Rxc4
65.Rxg6+ Kf8 66.Rf6+ Kg7 67.Ne2 Be8 68.Ng3 Rf7 69.Nf5+ Kh8 70.Rh6+ Kg8 71.Ke3 Rd7
72.Nd6 Rc3+ 73.Kf4 Bf7 74.Nf5 Bb3 75.Rb6 Bc2 76.Bd5+ Kh8 77.Rb8+ Kh7 78.Bg8+ Kg6
79.Rb6+ Kh5 80.Rh6+  1-0

[Event "ch-Africa"]
[Site "Abuja NGR"]
[Date "2003.10.13"]
[Round "4"]
[White "Ben Nasser,K"]
[Black "Bouah,L"]
[Result "0-1"]
[WhiteElo "2282"]
[BlackElo "2175"]

1.d4 Nf6 2.Nf3 g6 3.c4 Bg7 4.g3 O-O 5.Bg2 d6 6.O-O Nbd7 7.Nc3 e5 8.e4 Re8
9.h3 exd4 10.Nxd4 Nc5 11.Re1 a5 12.Nb3 Nfd7 13.Be3 Bxc3 14.bxc3 Qe7 15.Bh6 Nb6
16.Qd4 Ne6 17.Qd3 Nc5 18.Nxc5 dxc5 19.e5 Bf5 20.Qe2 c6 21.Bf1 Rad8 22.Rad1 Rxd1
23.Qxd1 Qd7 24.Qf3 Qe7 25.g4 Bc8 26.Qf4 Nd7 27.Bg5 Qf8 28.Re3 Re6 29.Bf6 h6
30.h4 Nxf6 31.exf6 Rxe3 32.fxe3 Be6 33.Be2 Qd8 34.e4 Kh7 35.e5 b5 36.cxb5 cxb5
37.h5 b4 38.hxg6+ fxg6 39.Qe3 Qd5 40.c4 Qd4 41.Kf2 a4 42.Qxd4 cxd4 43.Bd1 b3
44.Bxb3 axb3 45.axb3 h5 46.c5 Bxb3 47.Kf3 Bd5+ 48.Kf4 Kg8 49.gxh5 gxh5 50.e6 Bxe6
51.Ke5 Kf7 52.Ke4  0-1

[Event "YM"]
[Site "Zug SUI"]
[Date "2003.10.13"]
[Round "7"]
[White "Buss,R"]
[Black "Bromberger,S"]
[Result "1/2-1/2"]
[WhiteElo "2267"]
[BlackElo "2448"]

1.d4 Nf6 2.c4 g6 3.Nf3 Bg7 4.g3 O-O 5.Bg2 d6 6.O-O Nc6 7.Nc3 a6 8.d5 Na5
9.Nd2 c5 10.Rb1 Rb8 11.b3 Qc7 12.Qc2 b5 13.Bb2 e5 14.Nd1 Bg4 15.f3 Bd7 16.Bc3 Nh5
17.e3 f5 18.f4 exf4 19.exf4 Bxc3 20.Qxc3 Rfe8 21.Nf2 Re7  1/2-1/2

[Event "HSK IM"]
[Site "Hamburg GER"]
[Date "2003.10.15"]
[Round "5"]
[White "Lindinger,M"]
[Black "Van Delft,M"]
[Result "0-1"]
[WhiteElo "2358"]
[BlackElo "2402"]

1.d4 Nf6 2.c4 g6 3.g3 Bg7 4.Bg2 O-O 5.Nf3 d6 6.O-O Nc6 7.Nc3 a6 8.b3 Rb8
9.Nd5 Bg4 10.Bb2 Nxd5 11.cxd5 Nb4 12.h3 Bd7 13.e4 a5 14.Re1 c6 15.dxc6 bxc6
16.Re2 Qb6 17.d5 Bxb2 18.Rxb2 Rbc8 19.Nd4 cxd5 20.a3 Nc6 21.Nxc6 Rxc6 22.exd5 Rc3
23.Kh2 e5 24.Rc1 Rfc8 25.Rxc3 Rxc3 26.Qd2 Qd4 27.Qg5 Kg7 28.Qd8 Rc1 29.Ra2 Qd1
30.g4 Qd4 31.Bf3 Qf4+ 32.Kg2 Bb5 33.Be2 e4 34.g5 Bxe2 35.Qf6+ Qxf6 36.gxf6+ Kxf6
37.Rxe2 Ke5 38.f3 f5 39.fxe4 fxe4 40.Rb2 Kxd5 41.b4 axb4 42.axb4 Rc6 43.Kf2 Ke5  0-1

[Event "YM"]
[Site "Zug SUI"]
[Date "2003.10.15"]
[Round "9"]
[White "Buss,R"]
[Black "Szelag,M"]
[Result "1/2-1/2"]
[WhiteElo "2267"]
[BlackElo "2390"]

1.d4 Nf6 2.c4 g6 3.Nf3 Bg7 4.g3 O-O 5.Bg2 d6 6.O-O Nc6 7.Nc3 a6 8.d5 Na5
9.Nd2 c5 10.Rb1 Rb8 11.b3 b5 12.Qc2 bxc4 13.bxc4 Bf5 14.e4 Rxb1 15.Ncxb1 Bd7
16.Nc3 e5 17.Ne2 Qb6 18.Bb2 Bg4 19.Nc1 Nh5 20.Bc3 Bd7 21.Ne2 Bh6 22.h3 f5
23.exf5 Bxf5 24.Qa4 Nb7 25.Ne4 Nd8 26.Ba5 Qb2 27.N2c3 Bxe4 28.Nxe4 Nf7 29.Bc7 Qe2
30.Qxa6 Kh8 31.a4 Ng7 32.Bxd6 Nxd6 33.Qxd6 Nf5 34.Qxc5 Ne3 35.Qxf8+ Bxf8
36.fxe3 Kg7 37.Kh2 Qxc4 38.Ng5 Bb4 39.Rf7+ Kg8 40.Rxh7 Bd2 41.Re7 Bxe3 42.Ne4 g5
43.d6 Qxa4 44.Nf6+ Kf8 45.Nd7+ Kg8 46.Bd5+ Kh8 47.Nf6 Qc2+ 48.Bg2 Qb1 49.Rh7+ Qxh7
50.Nxh7 Kxh7 51.Bd5 Kg7 52.Kg2 Kf6 53.Kf3 Bc5 54.d7 Bb6 55.Ke4 Bd8 56.Bb3 Ke7
57.Ba4 Ke6 58.Bd1 Kxd7 59.Kxe5 Bc7+ 60.Kf5 Bxg3  1/2-1/2

[Event "9th Medunarodni"]
[Site "Tuzla BIH"]
[Date "2003.10.19"]
[Round "2"]
[White "Kiss,At"]
[Black "Mujic,H"]
[Result "0-1"]
[WhiteElo "2397"]
[BlackElo "2274"]

1.d4 Nf6 2.Nf3 g6 3.c4 Bg7 4.g3 O-O 5.Bg2 d6 6.Nc3 Nc6 7.O-O Bf5 8.b3 e5
9.d5 Ne7 10.Ne1 Qd7 11.e4 Bh3 12.Nd3 Bxg2 13.Kxg2 Ne8 14.f3 f5 15.Bd2 Nf6
16.Rc1 c6 17.Qe2 Rfe8 18.Be3 cxd5 19.cxd5 Rec8 20.Nf2 f4 21.Bd2 g5 22.Qb5 a6
23.Qxd7 Nxd7 24.Nd3 Ng6 25.Na4 Bf8 26.Ba5 fxg3 27.hxg3 h5 28.Nb6 Nxb6 29.Bxb6 h4
30.Nb2 Be7 31.Nc4 hxg3 32.Kxg3 Rf8 33.Ne3 Nh4 34.Ng4 Rac8 35.Bc7 Kg7 36.a4 Rf7
37.Nxe5 Rxc7 38.Rxc7 dxe5 39.Rxb7 Kg6 40.b4 Bd6 41.Rb6 Rf6 42.Rxa6 Kh5 43.Rc6 Rg6
44.Kh3 Nxf3 45.Kg3 g4 46.b5 Kg5 47.Rh1 Nd2 48.b6 Rf6 49.Kg2 g3 50.Re1 Kg4
51.Re2 Nf3 52.b7 Nh4+ 53.Kg1 Nf3+ 54.Kg2 Rh6 55.Rec2 Rh2+ 56.Kf1 Rh1+ 57.Ke2 Nd4+
58.Kd3 Rd1+ 59.Ke3 Nxc2+ 60.Rxc2 Rb1 61.Rc8 Rxb7 62.Rg8+ Kh3 63.a5 Rb3+ 64.Ke2 Ra3
65.Rh8+ Kg4 66.Rh6 Be7 67.a6 Ra2+ 68.Kd3 Bg5 69.Rg6 Rd2+ 70.Kc3 g2  0-1

[Event "EuTCh w"]
[Site "Plovdiv BUL"]
[Date "2003.10.20"]
[Round "9"]
[White "Khurtsidze,N"]
[Black "Dembo,Y"]
[Result "0-1"]
[WhiteElo "2418"]
[BlackElo "2415"]

1.d4 Nf6 2.c4 g6 3.Nf3 Bg7 4.g3 O-O 5.Bg2 d6 6.Nc3 Nc6 7.O-O a6 8.Qd3 e5
9.d5 Nb4 10.Qd1 a5 11.e4 Na6 12.Be3 Ng4 13.Bg5 f6 14.Bd2 f5 15.h3 Nf6 16.Be3 f4
17.Bd2 Nc5 18.Qc2 Nh5 19.Kh2 g5 20.b3 g4 21.hxg4 Bxg4 22.a3 Qf6 23.Rab1 Bh6
24.b4 axb4 25.axb4 Nd7 26.Ne2 Ra3 27.Neg1 Qg7 28.Be1 Ndf6 29.Nh4 fxg3+ 30.fxg3 Nxg3
31.Bxg3 Rxg3 32.Ne2 Bxe2 33.Qxe2 Bf4 34.Rxf4 exf4 35.Nf5 Ng4+ 36.Kg1 Rxf5
37.exf5 Ne3  0-1

[Event "300 Years"]
[Site "St Petersburg RUS"]
[Date "2003.10.20"]
[Round "3"]
[White "Kornev,Alexe"]
[Black "Gubajdullin,A"]
[Result "1-0"]
[WhiteElo "2561"]
[BlackElo "2472"]

1.d4 g6 2.Nf3 Bg7 3.c4 d6 4.g3 Nf6 5.Bg2 O-O 6.O-O c5 7.dxc5 dxc5 8.Ne5 Qc7
9.Nd3 Bf5 10.Nc3 Rd8 11.Bf4 Qc8 12.Qb3 Nc6 13.Ne5 Nd4 14.Qxb7 Qxb7 15.Bxb7 Rab8
16.Bg2 Rxb2 17.e3 Nc2 18.Rad1 Re8 19.Nb5 Nh5 20.Nc6 Nxf4 21.gxf4 Bg4 22.Rb1 Rxa2
23.Nc7 Rf8 24.Nxe7+ Kh8 25.Rb7 Be2 26.Rc1 Bxc4 27.Be4 Ra1 28.Rxa1 Nxa1 29.Rxa7 Bb3
30.Bd5 c4 31.Nc6 Bc3 32.Nb5 Bb2 33.Nbd4 f5 34.Ne6 c3 35.Ng5 Bxd5 36.Rxh7+ Kg8
37.Ne7+  1-0

[Event "After Holidays IM"]
[Site "Tel Aviv ISR"]
[Date "2003.10.20"]
[Round "2"]
[White "Lymar,I"]
[Black "Reznik,Vi"]
[Result "1-0"]
[WhiteElo "2392"]
[BlackElo "2296"]

1.d4 Nf6 2.Nf3 g6 3.c4 Bg7 4.g3 O-O 5.Bg2 d6 6.O-O Nbd7 7.Nc3 e5 8.h3 Re8
9.e4 c6 10.Be3 exd4 11.Nxd4 Nc5 12.Qc2 a5 13.Rad1 Qe7 14.Rfe1 h6 15.f4 Qc7
16.Bf2 Be6 17.b3 Rad8 18.Nde2 Bc8 19.Rd2 b6 20.a3 h5 21.b4 axb4 22.axb4 Na6
23.Rb1 c5 24.bxc5 bxc5 25.Rbd1 Nb4 26.Qb1 Qe7 27.e5 dxe5 28.Rxd8 Rxd8 29.Rxd8+ Qxd8
30.Bxc5 Nd3 31.Bb6 Qd6 32.fxe5 Nxe5 33.c5 Qd2 34.c6 Ne8 35.Bf2 Nd3 36.Qb8 Nxf2
37.Qxc8 Qe3 38.Kh2 h4 39.Ne4 Kh7 40.Qxe8  1-0

[Event "300 Years"]
[Site "St Petersburg RUS"]
[Date "2003.10.22"]
[Round "5"]
[White "Doroshkievich,V"]
[Black "Loginov,Va"]
[Result "1/2-1/2"]
[WhiteElo "2426"]
[BlackElo "2524"]

1.d4 Nf6 2.c4 g6 3.Nf3 Bg7 4.g3 O-O 5.Bg2 d6 6.O-O c6 7.Nc3 Bf5 8.b3 Ne4
9.Bb2 Na6 10.Nh4 Nxc3 11.Bxc3 Be6 12.e4 c5 13.Rc1 cxd4 14.Bxd4 Bxd4 15.Qxd4 Qa5
16.Qb2 Rab8 17.Nf3  1/2-1/2

[Event "300 Years Women"]
[Site "St Petersburg RUS"]
[Date "2003.10.23"]
[Round "6"]
[White "Shaidullina,S"]
[Black "Ivkina,O"]
[Result "1-0"]
[WhiteElo "2320"]
[BlackElo "2203"]

1.d4 Nf6 2.Nf3 g6 3.c4 Bg7 4.g3 O-O 5.Bg2 d6 6.O-O Nc6 7.Nc3 a6 8.d5 Na5
9.Nd2 c5 10.Rb1 Rb8 11.b3 b5 12.Bb2 Bf5 13.e4 Bd7 14.h3 Qc7 15.Ba1 e6 16.f4 bxc4
17.bxc4 Rb4 18.a3 Rxb1 19.Qxb1 exd5 20.e5 dxe5 21.fxe5 Bh6 22.Rxf6 Bxd2 23.Nxd5 Qd8
24.Rd6 Bg5 25.Nb6 Qb8 26.Qe1 Be6 27.Qxa5 Be7 28.Rc6 Rd8 29.Bd5 Bd7 30.Rd6 Bxd6
31.exd6 Qxd6 32.Qc3  1-0

[Event "WYb18"]
[Site "Halkidiki GRE"]
[Date "2003.10.24"]
[Round "2"]
[White "Kuljasevic,D"]
[Black "Trent,L"]
[Result "1-0"]
[WhiteElo "2429"]
[BlackElo "2326"]

1.d4 Nf6 2.Nf3 g6 3.c4 Bg7 4.g3 O-O 5.Bg2 d6 6.Nc3 Nc6 7.O-O a6 8.Re1 Re8
9.d5 Na5 10.Qd3 c5 11.e4 e5 12.Nd2 Bd7 13.Rb1 b5 14.cxb5 axb5 15.b4 Nb7 16.Nxb5 Qb6
17.bxc5 Nxc5 18.Qe2 Reb8 19.Na3 Qc7 20.Rxb8+ Qxb8 21.Ndc4 Ra6 22.Bd2 Qa7
23.Bb4 Bf8 24.Rb1 Ra4 25.Qe3 Ncxe4 26.Qxa7 Rxa7 27.Nb6 Bf5 28.Rb2 Nc3 29.Nac4 Nxa2
30.Bxd6 Nc3 31.Bxe5 Ra1+ 32.Bf1 Bh3 33.Nd2 Nfe4 34.Rb1 Nxb1 35.Bxa1 Bxf1
36.Nxe4 Bh3 37.d6 f5 38.d7 Be7 39.Bf6 Kf7 40.Bxe7 Kxe7 41.Ng5 f4 42.Nxh3 fxg3
43.Ng5 gxf2+ 44.Kxf2  1-0

[Event "WYg18"]
[Site "Halkidiki GRE"]
[Date "2003.10.24"]
[Round "2"]
[White "Chistiakova,T"]
[Black "Czaeczine,A"]
[Result "1-0"]
[WhiteElo "2314"]
[BlackElo "2141"]

1.Nf3 Nf6 2.c4 d6 3.d4 g6 4.g3 Bg7 5.Bg2 O-O 6.Nc3 a6 7.O-O Nc6 8.d5 Na5
9.Nd2 c5 10.Rb1 Rb8 11.b3 b5 12.Bb2 e5 13.dxe6 fxe6 14.cxb5 axb5 15.Nde4 Ne8
16.Qd2 Bb7 17.Rfd1 b4 18.Na4 Bxb2 19.Qxb2 Bxe4 20.Bxe4 Qe7 21.Bf3 d5 22.Qe5 Nc6
23.Qe3 d4 24.Qc1 Ne5 25.Qxc5 Qg5 26.Rxd4 Rxf3 27.Re4 Rf5 28.f4 Qg4 29.Rxe5 Ng7
30.Rxf5 Nxf5 31.Qe5 Re8 32.Nc5 h5 33.Ne4 Rf8 34.Nf2  1-0

[Event "300 Years"]
[Site "St Petersburg RUS"]
[Date "2003.10.24"]
[Round "7"]
[White "Sapunov,E"]
[Black "Neverov,V"]
[Result "1/2-1/2"]
[WhiteElo "2476"]
[BlackElo "2550"]

1.d4 Nf6 2.c4 g6 3.Nf3 Bg7 4.g3 O-O 5.Bg2 d6 6.O-O Nc6 7.Nc3 Bf5 8.d5 Na5
9.Nd4 Bd7 10.b3 c5 11.dxc6 bxc6 12.Ba3 Qc8 13.Re1 Rb8 14.Qd2 Qa6 15.Nc2 Nb7
16.h3 Rfe8 17.Rac1 Rbd8 18.e4 Qa5 19.Bb2 e5 20.Red1 Qc7 21.b4 Be6 22.Ne3 Qc8
23.Kh2 h5 24.Ncd5 Nh7 25.b5 Bh6 26.bxc6 Qxc6 27.f4 Nc5 28.fxe5 dxe5 29.Ne7+ Rxe7
30.Qxd8+ Re8 31.Qd2 h4 32.gxh4 Bf4+ 33.Kh1 Nf6 34.Qe1 Qb6 35.Rb1 Ncxe4 36.Bxe5 Qxe3
37.Qxe3 Bxe3 38.Re1 Bxc4 39.Rb8 Rxb8 40.Bxb8 Nf2+ 41.Kh2 Bd4 42.a4 Nd3 43.Re7 Bc5
44.Rb7 Ba6 45.Rb3 Nd7 46.Bg3 Nc1 47.Rb2 Ne2 48.Bc7 Nd4 49.Rd2 Kf8 50.Bg3 Ke7
51.Rd1 Bc4 52.Re1+ Be6 53.Rb1 Ne2 54.Be1 Bd6+ 55.Kh1 Nf4 56.Bc6 Ne5 57.Ba8 Bc8
58.Bf2 a6 59.Bb7 Bd7 60.a5 Bc6+ 61.Bxc6 Nxc6 62.Rd1 Kd7 63.Rb1 Ke6 64.Re1+ Kd7
65.Rd1 Nxa5 66.Bg3 Ke6 67.Ra1 Nc4 68.Rxa6 Nd5 69.Bf2 f5 70.Ra4 Ne5 71.Bg3 Nf6
72.Ra6 Ne4 73.Bf4 Nf3 74.h5 gxh5 75.Kg2 Nh4+ 76.Kf1 Ng6 77.Bxd6 Nxd6 78.Kf2 Ne5
79.Kg2 Ng6 80.Kg3 Ke5 81.Ra5+ Kf6 82.Ra6 f4+ 83.Kf3 Ke5 84.Ra5+ Ke6  1/2-1/2

[Event "300 Years Women"]
[Site "St Petersburg RUS"]
[Date "2003.10.24"]
[Round "7"]
[White "Lupik,M"]
[Black "Gromova,I"]
[Result "1/2-1/2"]
[WhiteElo "2101"]
[BlackElo "2150"]

1.d4 Nf6 2.Nf3 g6 3.c4 Bg7 4.g3 O-O 5.Bg2 d6 6.O-O Nbd7 7.Qc2 e5 8.Rd1 Re8
9.Nc3 c6 10.dxe5 dxe5 11.Ng5 Qc7 12.Nge4 Nxe4 13.Nxe4 Nf6 14.Nd6 Rd8 15.c5 Be6
16.b3 Ne8 17.Ba3 Qa5 18.Nxe8 Rxe8 19.Bb2 Red8 20.a3 Qc7  1/2-1/2

[Event "300 Years Women"]
[Site "St Petersburg RUS"]
[Date "2003.10.25"]
[Round "8"]
[White "Shaidullina,S"]
[Black "Zozulia,A"]
[Result "1-0"]
[WhiteElo "2320"]
[BlackElo "2332"]

1.d4 Nf6 2.c4 g6 3.Nf3 Bg7 4.g3 O-O 5.Bg2 d6 6.O-O c6 7.Nc3 Qa5 8.h3 Qa6
9.b3 b5 10.Nd2 bxc4 11.Nxc4 Be6 12.Qd3 Nd5 13.Bb2 Nd7 14.Nxd5 Bxd5 15.Bxd5 cxd5
16.Ne5 Qb7 17.Nxd7 Qxd7 18.Kg2 h5 19.Rac1 a5 20.Rc2 Rfb8 21.Bc3 Qb7 22.f4 a4
23.b4 e5 24.f5 Kh7 25.g4 exd4 26.fxg6+ fxg6 27.Bxd4 Bxd4 28.Qxd4 Rf8 29.Rf3 Rxf3
30.exf3 Qf7 31.b5 Rf8 32.Rc3 Re8 33.b6 Re7 34.Rc8 Re8 35.b7 Qf8 36.b8=Q  1-0

[Event "300 Years"]
[Site "St Petersburg RUS"]
[Date "2003.10.26"]
[Round "9"]
[White "Andreeva,N"]
[Black "Nasobin,A"]
[Result "1-0"]
[WhiteElo "2285"]
[BlackElo "2152"]

1.Nf3 Nf6 2.g3 g6 3.c4 Bg7 4.Bg2 d6 5.d4 O-O 6.Nc3 Nbd7 7.O-O e5 8.e4 c6
9.h3 Qb6 10.Re1 exd4 11.Nxd4 Ne8 12.Nb3 a5 13.Be3 Qb4 14.Nd4 a4 15.a3 Qa5
16.f4 Nc5 17.Qe2 Bd7 18.Rad1 Rd8 19.Qf2 Qa6 20.e5 Ne6 21.exd6 Nxd6 22.Nxe6 Bxe6
23.Bc5 Nxc4 24.Bxf8 Rxf8 25.g4 Qa5 26.Rd3 Kh8 27.Kh1 Bf6 28.Rf3 Rd8 29.Ne4 Bd4
30.Qh4 Kg7 31.f5 Bd5 32.f6+ Kg8 33.Rff1 Nd6 34.Nxd6 Bxg2+ 35.Kxg2  1-0

[Event "300 Years Women"]
[Site "St Petersburg RUS"]
[Date "2003.10.26"]
[Round "9"]
[White "Kostiuk,T"]
[Black "Iodo,A"]
[Result "1-0"]
[WhiteElo "2277"]
[BlackElo "2167"]

1.d4 Nf6 2.Nf3 g6 3.g3 Bg7 4.Bg2 O-O 5.c4 d6 6.O-O Nbd7 7.Nc3 e5 8.e4 a5
9.h3 Re8 10.Be3 b6 11.Qc2 Bb7 12.d5 Nc5 13.b3 Rf8 14.a3 Nh5 15.b4 Nd7 16.c5 bxc5
17.bxc5 Ba6 18.Rfd1 Nxc5 19.Bxc5 dxc5 20.Na4 c4 21.Bf1 Qd6 22.Bxc4 Bxc4 23.Qxc4 Rfb8
24.Rdc1 Ra7 25.Rab1 Rxb1 26.Rxb1 Qxa3 27.Rb8+ Bf8 28.Nc5 Nxg3 29.Nd7 Ne2+
30.Qxe2 Qa4 31.Rxf8+ Kg7 32.Qb2 Kh6 33.Rxf7  1-0

[Event "300 Years"]
[Site "St Petersburg RUS"]
[Date "2003.10.26"]
[Round "9"]
[White "Doroshkievich,V"]
[Black "Voitsekhovsky,S"]
[Result "1/2-1/2"]
[WhiteElo "2426"]
[BlackElo "2503"]

1.d4 Nf6 2.c4 g6 3.Nf3 Bg7 4.g3 O-O 5.Bg2 d6 6.O-O Nc6 7.Nc3 Rb8 8.d5 Na5
9.Nd2 c5 10.Rb1 e6 11.dxe6 Bxe6 12.b3 d5 13.cxd5 Nxd5 14.Bxd5 Bxd5 15.Nce4  1/2-1/2

[Event "Open"]
[Site "Bastia FRA"]
[Date "2003.10.30"]
[Round "4"]
[White "Tkachiev,V"]
[Black "Grigore,Ge"]
[Result "1/2-1/2"]
[WhiteElo "2645"]
[BlackElo "2485"]

1.d4 Nf6 2.c4 g6 3.Nf3 Bg7 4.g3 O-O 5.Bg2 d6 6.O-O c6 7.Nc3 Qa5 8.Nd2 Qh5
9.e4 Qxd1 10.Rxd1 Nfd7 11.Nb3 c5 12.Be3 Nc6 13.dxc5 Nxc5 14.Nxc5 dxc5 15.Bxc5 Bxc3
16.bxc3 Be6 17.e5 Rfc8 18.Bxc6 Rxc6 19.Bxe7 Rxc4 20.Rd3 Bf5 21.Re3 Re8 22.Bb4 Rd8
23.Rae1 Rd5 24.Kg2 b6 25.h3 Rd2 26.g4 Be6 27.a3 g5 28.R1e2 Rd1 29.f3 Kg7
30.Kg3 Kg6 31.Kf2 h6 32.Re1 Rd2+ 33.R1e2 Rd1 34.Re1  1/2-1/2

[Event "Open"]
[Site "Bastia FRA"]
[Date "2003.10.30"]
[Round "6"]
[White "Tkachiev,V"]
[Black "Paragua,M"]
[Result "0-1"]
[WhiteElo "2645"]
[BlackElo "2500"]

1.d4 Nf6 2.c4 g6 3.Nf3 Bg7 4.g3 O-O 5.Bg2 d6 6.O-O Nc6 7.Nc3 a6 8.b3 Rb8
9.e3 b5 10.Qe2 bxc4 11.Qxc4 Nb4 12.Qe2 a5 13.Rd1 Ba6 14.Qd2 c5 15.Ba3 Qc7
16.Ne1 cxd4 17.exd4 Bb7 18.d5 Ng4 19.Bb2 Ba6 20.Na4 Bh6 21.Qd4 Nf6 22.Nc3 Bg7
23.Rac1 Qd7 24.Qd2 Ng4 25.Ne4 Bxb2 26.Qxb2 Ne5 27.Nc5 Qb5 28.a3 Na2 29.Nxa6 Nxc1
30.Nxb8 Ne2+ 31.Kh1 Ng4 32.Bf3 Nxf2+ 33.Kg2 Nxd1 34.a4 Qb6  0-1

[Event "18th Open"]
[Site "Le Touquet FRA"]
[Date "2003.10.30"]
[Round "6"]
[White "Horvath,P1"]
[Black "Lorand,P"]
[Result "1-0"]
[WhiteElo "2457"]
[BlackElo "2146"]

1.d4 Nf6 2.c4 g6 3.g3 Bg7 4.Bg2 d6 5.Nf3 O-O 6.Nc3 c5 7.O-O Nc6 8.d5 Na5
9.Nd2 e5 10.a3 b6 11.Rb1 a6 12.b4 Nb7 13.Qb3 Nd7 14.Nde4 h6 15.bxc5 bxc5
16.Nd2 f5 17.e4 Rb8 18.Qc2 Nf6 19.exf5 gxf5 20.Bb2 Bd7 21.Ne2 Qc8 22.Bc3 Qc7
23.Rb2 Na5 24.Rfb1 Rxb2 25.Qxb2 Bc8 26.Qb6 Qxb6 27.Rxb6 Nb7 28.Rxa6 Nd7 29.Bh3 Rf7
30.Rc6 Rf8 31.Bxf5 Rxf5 32.Rxc8+  1-0

[Event "Masters"]
[Site "Rosny sous Bois FRA"]
[Date "2003.10.30"]
[Round "6"]
[White "David,Vi"]
[Black "Onkoud,A"]
[Result "1-0"]
[WhiteElo "2320"]
[BlackElo "2323"]

1.d4 g6 2.Nf3 Bg7 3.c4 d6 4.g3 Nf6 5.Bg2 O-O 6.O-O c6 7.Nc3 Nbd7 8.e4 e5
9.h3 Re8 10.Be3 exd4 11.Nxd4 Nc5 12.Qc2 Qe7 13.Rfe1 Bd7 14.f3 Nh5 15.g4 Nf4
16.Nxc6 Nxh3+ 17.Bxh3 bxc6 18.Bg2 Be5 19.Rad1 Ne6 20.Qd2 Bg3 21.Bf2 Bf4 22.Be3 Bg3
23.Bf2 Bf4 24.Qc2 Be5 25.Ne2 c5 26.Qd2 g5 27.Be3 Qf6 28.Kf2 Bc6 29.Ng3 Bxg3+
30.Kxg3 Qe5+ 31.Kf2 Rad8 32.Rb1 h6 33.b4 Nf8 34.Rh1 Qf6 35.Qb2 Re6 36.Qxf6 Rxf6
37.Kg3 Ne6 38.b5 Bb7 39.Rhd1 Kf8 40.e5 dxe5 41.Rxd8+ Nxd8 42.Bxc5+ Ke8 43.Bxa7 Rd6
44.Rb2 h5 45.gxh5 Rh6 46.Re2 f6 47.c5 Rxh5 48.Bb6 Ne6 49.c6 Bc8 50.Rd2 f5
51.Rd5 f4+ 52.Kf2 e4 53.fxe4 Rh4 54.c7 Bd7 55.Ba5 g4 56.b6 Bc8 57.Rd8+ Ke7
58.Rxc8 g3+ 59.Kg1  1-0

[Event "Autumn"]
[Site "Venice ITA"]
[Date "2003.10.30"]
[Round "1"]
[White "Jankovic,A"]
[Black "Solinas,C"]
[Result "1-0"]
[WhiteElo "2383"]
[BlackElo "2065"]

1.d4 Nf6 2.Nf3 g6 3.g3 Bg7 4.c4 d6 5.Bg2 O-O 6.O-O c6 7.Nc3 Qa5 8.e4 Bg4
9.h3 Bxf3 10.Bxf3 Nfd7 11.Rb1 Qb4 12.Be2 Qb6 13.Be3 a6 14.b4 Qc7 15.Qb3 e5
16.d5 Nf6 17.c5 Nbd7 18.Rfd1 cxd5 19.Nxd5 Nxd5 20.Qxd5 Nf6 21.Qxd6 Qxd6 22.cxd6 Nxe4
23.Rbc1 Rfd8 24.d7 Nf6 25.Rc7 b5 26.Bb6 Rab8 27.Ba5 Ne4 28.Bf3 Ng5 29.Bg2 Ne6
30.Rb7 Rxb7 31.Bxd8  1-0